Introductions to informetrics (Record no. 10305)
[ view plain ]
| 000 -LEADER | |
|---|---|
| fixed length control field | 00775nam a2200205Ia 4500 |
| 003 - CONTROL NUMBER IDENTIFIER | |
| control field | IN-BaIIA |
| 008 - FIXED-LENGTH DATA ELEMENTS--GENERAL INFORMATION | |
| fixed length control field | 211028s9999 xx 000 0 eng d |
| 040 ## - CATALOGING SOURCE | |
| Transcribing agency | IIA Library |
| 080 ## - UNIVERSAL DECIMAL CLASSIFICATION NUMBER | |
| Universal Decimal Classification number | 029.9 |
| Item number | EGG |
| 100 ## - MAIN ENTRY--PERSONAL NAME | |
| Personal name | Egghe, Leo |
| 9 (RLIN) | 17517 |
| 245 #0 - TITLE STATEMENT | |
| Title | Introductions to informetrics |
| Remainder of title | quantitative methods in library, documentation and information science |
| Statement of responsibility, etc. | Leo Egghe and Ronald Rousseau |
| 260 ## - PUBLICATION, DISTRIBUTION, ETC. | |
| Place of publication, distribution, etc. | Amsterdam |
| Name of publisher, distributor, etc. | Elsevier |
| Date of publication, distribution, etc. | 1990 |
| 300 ## - PHYSICAL DESCRIPTION | |
| Extent | 265p. |
| 650 ## - SUBJECT ADDED ENTRY--TOPICAL TERM | |
| Topical term or geographic name entry element | Documentation - statistical methods |
| 9 (RLIN) | 17518 |
| 650 ## - SUBJECT ADDED ENTRY--TOPICAL TERM | |
| Topical term or geographic name entry element | Information science - statistical mathematics |
| 9 (RLIN) | 17519 |
| 650 ## - SUBJECT ADDED ENTRY--TOPICAL TERM | |
| Topical term or geographic name entry element | Information science - statistical methods |
| 9 (RLIN) | 17520 |
| 650 ## - SUBJECT ADDED ENTRY--TOPICAL TERM | |
| Topical term or geographic name entry element | Library statistics |
| 9 (RLIN) | 17521 |
| 700 ## - ADDED ENTRY--PERSONAL NAME | |
| Personal name | Rousseau, Ronald |
| 9 (RLIN) | 17522 |
| 942 ## - ADDED ENTRY ELEMENTS (KOHA) | |
| Koha item type | Books |
| Withdrawn status | Lost status | Damaged status | Not for loan | Home library | Current library | Shelving location | Date acquired | Total Checkouts | Full call number | Barcode | Date last seen | Price effective from | Koha item type |
|---|---|---|---|---|---|---|---|---|---|---|---|---|---|
| IIA Library-Bangalore | IIA Library-Bangalore | General Stacks | 31/01/1992 | 029.9/ EGG | 11215 | 05/11/2021 | 31/01/1992 | Books |